| 000 | 02045cam a22004577a 4500 | ||
|---|---|---|---|
| 003 | CHAP | ||
| 005 | 20220329141135.0 | ||
| 008 | 971010s1973 r 00010 d | ||
| 010 | _a63251 | ||
| 011 | _a64223 | ||
| 035 | _a69484 | ||
| 040 | _cCHAP | ||
| 082 |
_a596 _bA5 |
||
| 100 | 0 | 0 |
_aAlvarez del Villar, Jose. _94906 |
| 245 | 1 | 4 |
_aLos cordados _b: orígen, evolución y hábitos de los vertebrados |
| 260 |
_aMéxico, D.F. : _bTexto e Imágen, _c1973 |
||
| 300 |
_a369 p. _b: ilus. |
||
| 590 |
_aBATCH-UPD _b10 _c20130110 _lUCH01 _h2305 |
||
| 590 |
_aBATCH-UPD _b10 _c20130410 _lUCH01 _h1557 |
||
| 590 |
_aCONVERSION _b10 _c20130109 _lUCH01 _h1334 |
||
| 650 | 1 | 4 |
_aCordados. _927938 |
| 901 | _aBK | ||
| 942 | _cLIBRO | ||
| 949 |
_a596 A5 _bBC _cLIBRO _d-150916 _eLIBRO _fc.9 _h27561 _i69484 _si |
||
| 949 |
_a596 A5 _bBC _cLIBRO _d-150917 _eLIBRO _fc.10 _h27562 _i69484 _si |
||
| 949 |
_a596 A5 _bBC _cLIBRO _d-60461 _eLIBRO _fc.16 _h27575 _i69484 _si |
||
| 949 |
_a596 A5 _bBC _cLIBRO _d-60478 _eLIBRO _fc.77 _h42297 _i69484 _si |
||
| 949 |
_a596 A5 _bBC _cLIBRO _d33724000365524 _eLIBRO _fc.7 _h27559 _i69484 _si |
||
| 949 |
_a596 A5 _bBC _cLIBRO _d33724000365532 _eLIBRO _fc.78 _h78792 _i69484 _si |
||
| 949 |
_a596 A5 _bBC _cLIBRO _d33724000365540 _eLIBRO _fc.50 _h27610 _i69484 _si |
||
| 949 |
_a596 A5 _bBC _cLIBRO _d33724000365557 _eLIBRO _fc.74 _h27633 _i69484 _si |
||
| 949 |
_a596 A5 _bBC _cLIBRO _d33724000365565 _eLIBRO _fc.53 _h27613 _i69484 _si |
||
| 949 |
_a596 A5 _bBC _cLIBRO _d33724000365573 _eLIBRO _fc.58 _h27618 _i69484 _si |
||
| 949 |
_a596 A5 _bBC _cLIBRO _d33724000365581 _eLIBRO _fc.71 _h27631 _i69484 _si |
||
| 949 |
_a596 A5 _bBC _cLIBRO _d33724000365607 _eLIBRO _fc.48 _h27608 _i69484 _si |
||
| 949 |
_a596 A5 _bBC _cLIBRO _d33724000365615 _eLIBRO _fc.23 _h27575 _i69484 _si |
||
| 949 |
_a596 A5 _bBC _cLIBRO _d33724000366688 _eLIBRO _fc.24 _h27584 _i69484 _si |
||
| 949 |
_a596 A5 _bBC _cLIBRO _d33724000667077 _eLIBRO _fc.73 _h27632 _i69484 _si |
||
| 949 |
_a596 A5 _bBC _cLIBRO _d33724000982971 _eLIBRO _fc.59 _h27619 _i69484 _si |
||
| 949 |
_a596 A5 _bBC _cLIBRO _d33724002009850 _eLIBRO _fc.62 _h27622 _i69484 _si |
||
| 999 |
_c63251 _d63251 |
||